Merseyside Derby XIs 2017-2022 - Statistics

General Stats
  • This quiz has been taken 334 times
  • The average score is 148 of 220
Answer Stats
Position Answer % Correct
FW Mohamed Salah LIVERPOOL 1-1 Everton (2017/18)
98%
FW Mohamed Salah LIVERPOOL 1-0 Everton (2018/19)
98%
FW Mohamed Salah Everton 0-0 LIVERPOOL (2018/19)
98%
FW Mohamed Salah Everton 2-2 LIVERPOOL (2020/21)
98%
FW Mohamed Salah LIVERPOOL 0-2 Everton (2020/21)
98%
FW Mohamed Salah Everton 1-4 LIVERPOOL (2021/22)
98%
FW Mohamed Salah LIVERPOOL 2-0 Everton (2021/22)
98%
GK Alisson Becker LIVERPOOL 1-0 Everton (2018/19)
97%
GK Alisson Becker Everton 0-0 LIVERPOOL (2018/19)
97%
GK Alisson Becker Everton 0-0 LIVERPOOL (2019/20)
97%
GK Alisson Becker LIVERPOOL 0-2 Everton (2020/21)
97%
GK Alisson Becker Everton 1-4 LIVERPOOL (2021/22)
97%
GK Alisson Becker LIVERPOOL 2-0 Everton (2021/22)
97%
FW Roberto Firmino LIVERPOOL 1-0 Everton (2018/19)
95%
FW Roberto Firmino Everton 0-0 LIVERPOOL (2019/20)
95%
FW Roberto Firmino Everton 2-2 LIVERPOOL (2020/21)
95%
FW Roberto Firmino LIVERPOOL 0-2 Everton (2020/21)
95%
FW Sadio Mané LIVERPOOL 1-1 Everton (2017/18)
95%
FW Sadio Mané Everton 0-0 LIVERPOOL (2017/18)
95%
FW Sadio Mané LIVERPOOL 1-0 Everton (2018/19)
95%
FW Sadio Mané Everton 0-0 LIVERPOOL (2018/19)
95%
FW Sadio Mané LIVERPOOL 5-2 Everton (2019/20)
95%
FW Sadio Mané Everton 0-0 LIVERPOOL (2019/20)
95%
FW Sadio Mané Everton 2-2 LIVERPOOL (2020/21)
95%
FW Sadio Mané LIVERPOOL 0-2 Everton (2020/21)
95%
FW Sadio Mané Everton 1-4 LIVERPOOL (2021/22)
95%
FW Sadio Mané LIVERPOOL 2-0 Everton (2021/22)
95%
DF Virgil van Dijk Everton 0-0 LIVERPOOL (2017/18)
95%
DF Virgil van Dijk LIVERPOOL 1-0 Everton (2018/19)
95%
DF Virgil van Dijk Everton 0-0 LIVERPOOL (2018/19)
95%
DF Virgil van Dijk LIVERPOOL 5-2 Everton (2019/20)
95%
DF Virgil van Dijk Everton 0-0 LIVERPOOL (2019/20)
95%
DF Virgil van Dijk Everton 2-2 LIVERPOOL (2020/21)
95%
DF Virgil van Dijk Everton 1-4 LIVERPOOL (2021/22)
95%
DF Virgil van Dijk LIVERPOOL 2-0 Everton (2021/22)
95%
MF Jordan Henderson LIVERPOOL 1-1 Everton (2017/18)
93%
MF Jordan Henderson Everton 0-0 LIVERPOOL (2017/18)
93%
MF Jordan Henderson Everton 0-0 LIVERPOOL (2018/19)
93%
MF Jordan Henderson Everton 0-0 LIVERPOOL (2019/20)
93%
MF Jordan Henderson Everton 2-2 LIVERPOOL (2020/21)
93%
DF Jordan Henderson LIVERPOOL 0-2 Everton (2020/21)
93%
MF Jordan Henderson Everton 1-4 LIVERPOOL (2021/22)
93%
DF Trent Alexander-Arnold LIVERPOOL 1-0 Everton (2018/19)
93%
DF Trent Alexander-Arnold Everton 0-0 LIVERPOOL (2018/19)
93%
DF Trent Alexander-Arnold LIVERPOOL 5-2 Everton (2019/20)
93%
DF Trent Alexander-Arnold Everton 0-0 LIVERPOOL (2019/20)
93%
DF Trent Alexander-Arnold Everton 2-2 LIVERPOOL (2020/21)
93%
DF Trent Alexander-Arnold LIVERPOOL 0-2 Everton (2020/21)
93%
DF Trent Alexander-Arnold Everton 1-4 LIVERPOOL (2021/22)
93%
DF Trent Alexander-Arnold LIVERPOOL 2-0 Everton (2021/22)
93%
GK Jordan Pickford Liverpool 1-1 EVERTON (2017/18)
92%
GK Jordan Pickford EVERTON 0-0 Liverpool (2017/18)
92%
GK Jordan Pickford Liverpool 1-0 EVERTON (2018/19)
92%
GK Jordan Pickford EVERTON 0-0 Liverpool (2018/19)
92%
GK Jordan Pickford Liverpool 5-2 EVERTON (2019/20)
92%
GK Jordan Pickford EVERTON 0-0 Liverpool (2019/20)
92%
GK Jordan Pickford EVERTON 2-2 Liverpool (2020/21)
92%
GK Jordan Pickford Liverpool 0-2 EVERTON (2020/21)
92%
GK Jordan Pickford EVERTON 1-4 Liverpool (2021/22)
92%
GK Jordan Pickford Liverpool 2-0 EVERTON (2021/22)
92%
DF Andrew Robertson LIVERPOOL 1-1 Everton (2017/18)
91%
DF Andrew Robertson LIVERPOOL 1-0 Everton (2018/19)
91%
DF Andrew Robertson Everton 0-0 LIVERPOOL (2018/19)
91%
DF Andrew Robertson LIVERPOOL 5-2 Everton (2019/20)
91%
DF Andrew Robertson Everton 2-2 LIVERPOOL (2020/21)
91%
DF Andrew Robertson LIVERPOOL 0-2 Everton (2020/21)
91%
DF Andrew Robertson Everton 1-4 LIVERPOOL (2021/22)
91%
DF Andrew Robertson LIVERPOOL 2-0 Everton (2021/22)
91%
DF Joël Matip Everton 0-0 LIVERPOOL (2018/19)
86%
DF Joël Matip Everton 0-0 LIVERPOOL (2019/20)
86%
DF Joël Matip Everton 2-2 LIVERPOOL (2020/21)
86%
DF Joël Matip Everton 1-4 LIVERPOOL (2021/22)
86%
DF Joël Matip LIVERPOOL 2-0 Everton (2021/22)
86%
MF Fabinho LIVERPOOL 1-0 Everton (2018/19)
81%
MF Fabinho Everton 0-0 LIVERPOOL (2018/19)
81%
MF Fabinho Everton 0-0 LIVERPOOL (2019/20)
81%
MF Fabinho Everton 2-2 LIVERPOOL (2020/21)
81%
MF Fabinho Everton 1-4 LIVERPOOL (2021/22)
81%
MF Fabinho LIVERPOOL 2-0 Everton (2021/22)
81%
FW Dominic Calvert-Lewin Liverpool 1-1 EVERTON (2017/18)
79%
FW Dominic Calvert-Lewin EVERTON 0-0 Liverpool (2018/19)
79%
FW Dominic Calvert-Lewin Liverpool 5-2 EVERTON (2019/20)
79%
FW Dominic Calvert-Lewin EVERTON 0-0 Liverpool (2019/20)
79%
FW Dominic Calvert-Lewin EVERTON 2-2 Liverpool (2020/21)
79%
FW Diogo Jota Everton 1-4 LIVERPOOL (2021/22)
78%
FW Diogo Jota LIVERPOOL 2-0 Everton (2021/22)
78%
DF Joe Gomez LIVERPOOL 1-1 Everton (2017/18)
77%
DF Joe Gomez LIVERPOOL 1-0 Everton (2018/19)
77%
GK Loris Karius Everton 0-0 LIVERPOOL (2017/18)
77%
DF Seamus Coleman EVERTON 0-0 Liverpool (2017/18)
77%
DF Seamus Coleman Liverpool 1-0 EVERTON (2018/19)
77%
DF Seamus Coleman EVERTON 0-0 Liverpool (2018/19)
77%
DF Seamus Coleman EVERTON 0-0 Liverpool (2019/20)
77%
DF Seamus Coleman EVERTON 2-2 Liverpool (2020/21)
77%
DF Seamus Coleman Liverpool 0-2 EVERTON (2020/21)
77%
DF Seamus Coleman EVERTON 1-4 Liverpool (2021/22)
77%
DF Seamus Coleman Liverpool 2-0 EVERTON (2021/22)
77%
GK Simon Mignolet LIVERPOOL 1-1 Everton (2017/18)
76%
FW Richarlison Liverpool 1-0 EVERTON (2018/19)
73%
FW Richarlison Liverpool 5-2 EVERTON (2019/20)
73%
FW Richarlison EVERTON 0-0 Liverpool (2019/20)
73%
FW Richarlison EVERTON 2-2 Liverpool (2020/21)
73%
FW Richarlison Liverpool 0-2 EVERTON (2020/21)
73%
FW Richarlison EVERTON 1-4 Liverpool (2021/22)
73%
FW Richarlison Liverpool 2-0 EVERTON (2021/22)
73%
MF James Milner LIVERPOOL 1-1 Everton (2017/18)
71%
MF James Milner Everton 0-0 LIVERPOOL (2017/18)
71%
MF James Milner LIVERPOOL 5-2 Everton (2019/20)
71%
DF James Milner Everton 0-0 LIVERPOOL (2019/20)
71%
MF Georginio Wijnaldum Everton 0-0 LIVERPOOL (2017/18)
70%
MF Georginio Wijnaldum LIVERPOOL 1-0 Everton (2018/19)
70%
MF Georginio Wijnaldum Everton 0-0 LIVERPOOL (2018/19)
70%
MF Georginio Wijnaldum LIVERPOOL 5-2 Everton (2019/20)
70%
MF Georginio Wijnaldum LIVERPOOL 0-2 Everton (2020/21)
70%
MF Thiago Alcântara Everton 2-2 LIVERPOOL (2020/21)
70%
MF Thiago Alcântara LIVERPOOL 0-2 Everton (2020/21)
70%
MF Thiago Alcântara Everton 1-4 LIVERPOOL (2021/22)
70%
MF Thiago Alcântara LIVERPOOL 2-0 Everton (2021/22)
70%
FW Divock Origi Everton 0-0 LIVERPOOL (2018/19)
69%
FW Divock Origi LIVERPOOL 5-2 Everton (2019/20)
69%
DF Dejan Lovren LIVERPOOL 1-1 Everton (2017/18)
66%
DF Dejan Lovren Everton 0-0 LIVERPOOL (2017/18)
66%
DF Dejan Lovren LIVERPOOL 5-2 Everton (2019/20)
66%
DF Michael Keane EVERTON 0-0 Liverpool (2017/18)
66%
DF Michael Keane Liverpool 1-0 EVERTON (2018/19)
66%
DF Michael Keane EVERTON 0-0 Liverpool (2018/19)
66%
DF Michael Keane Liverpool 5-2 EVERTON (2019/20)
66%
DF Michael Keane EVERTON 0-0 Liverpool (2019/20)
66%
DF Michael Keane EVERTON 2-2 Liverpool (2020/21)
66%
DF Michael Keane Liverpool 0-2 EVERTON (2020/21)
66%
DF Michael Keane EVERTON 1-4 Liverpool (2021/22)
66%
DF Michael Keane Liverpool 2-0 EVERTON (2021/22)
66%
GK Adrián LIVERPOOL 5-2 Everton (2019/20)
64%
GK Adrián Everton 2-2 LIVERPOOL (2020/21)
64%
MF Curtis Jones LIVERPOOL 0-2 Everton (2020/21)
61%
DF Leighton Baines EVERTON 0-0 Liverpool (2017/18)
60%
MF Naby Keïta Everton 0-0 LIVERPOOL (2019/20)
60%
MF Naby Keïta LIVERPOOL 2-0 Everton (2021/22)
60%
DF Yerry Mina Liverpool 1-0 EVERTON (2018/19)
59%
DF Yerry Mina Liverpool 5-2 EVERTON (2019/20)
59%
DF Yerry Mina EVERTON 2-2 Liverpool (2020/21)
59%
DF Lucas Digne Liverpool 1-0 EVERTON (2018/19)
55%
DF Lucas Digne EVERTON 0-0 Liverpool (2018/19)
55%
DF Lucas Digne Liverpool 5-2 EVERTON (2019/20)
55%
DF Lucas Digne EVERTON 0-0 Liverpool (2019/20)
55%
DF Lucas Digne EVERTON 2-2 Liverpool (2020/21)
55%
DF Lucas Digne Liverpool 0-2 EVERTON (2020/21)
55%
DF Lucas Digne EVERTON 1-4 Liverpool (2021/22)
55%
DF Nathaniel Clyne Everton 0-0 LIVERPOOL (2017/18)
55%
MF Abdoulaye Doucouré EVERTON 2-2 Liverpool (2020/21)
53%
MF Abdoulaye Doucouré Liverpool 0-2 EVERTON (2020/21)
53%
MF Abdoulaye Doucouré EVERTON 1-4 Liverpool (2021/22)
53%
MF Abdoulaye Doucouré Liverpool 2-0 EVERTON (2021/22)
53%
MF James Rodríguez EVERTON 2-2 Liverpool (2020/21)
53%
MF James Rodríguez Liverpool 0-2 EVERTON (2020/21)
53%
MF Idrissa Gueye Liverpool 1-1 EVERTON (2017/18)
51%
MF Idrissa Gueye Liverpool 1-0 EVERTON (2018/19)
51%
MF Idrissa Gueye EVERTON 0-0 Liverpool (2018/19)
51%
MF Allan EVERTON 2-2 Liverpool (2020/21)
48%
MF Allan EVERTON 1-4 Liverpool (2021/22)
48%
MF Allan Liverpool 2-0 EVERTON (2021/22)
48%
MF Alex Oxlade-Chamberlain LIVERPOOL 1-1 Everton (2017/18)
47%
DF Ashley Williams Liverpool 1-1 EVERTON (2017/18)
47%
MF Gylfi Sigurðsson Liverpool 1-1 EVERTON (2017/18)
47%
MF Gylfi Sigurðsson Liverpool 1-0 EVERTON (2018/19)
47%
MF Gylfi Sigurðsson EVERTON 0-0 Liverpool (2018/19)
47%
MF Gylfi Sigurðsson Liverpool 5-2 EVERTON (2019/20)
47%
MF Xherdan Shaqiri LIVERPOOL 1-0 Everton (2018/19)
47%
FW Xherdan Shaqiri LIVERPOOL 5-2 Everton (2019/20)
47%
MF Adam Lallana LIVERPOOL 5-2 Everton (2019/20)
45%
DF Phil Jagielka EVERTON 0-0 Liverpool (2017/18)
45%
DF Mason Holgate Liverpool 1-1 EVERTON (2017/18)
43%
DF Mason Holgate Liverpool 5-2 EVERTON (2019/20)
43%
DF Mason Holgate EVERTON 0-0 Liverpool (2019/20)
43%
DF Mason Holgate Liverpool 0-2 EVERTON (2020/21)
43%
DF Mason Holgate Liverpool 2-0 EVERTON (2021/22)
43%
MF Tom Davies Liverpool 1-1 EVERTON (2017/18)
43%
MF Tom Davies EVERTON 0-0 Liverpool (2017/18)
43%
MF Tom Davies Liverpool 5-2 EVERTON (2019/20)
43%
MF Tom Davies EVERTON 0-0 Liverpool (2019/20)
43%
MF Tom Davies Liverpool 0-2 EVERTON (2020/21)
43%
MF André Gomes Liverpool 1-0 EVERTON (2018/19)
41%
MF André Gomes EVERTON 0-0 Liverpool (2019/20)
41%
MF André Gomes EVERTON 2-2 Liverpool (2020/21)
41%
MF André Gomes Liverpool 0-2 EVERTON (2020/21)
41%
MF Wayne Rooney Liverpool 1-1 EVERTON (2017/18)
39%
MF Wayne Rooney EVERTON 0-0 Liverpool (2017/18)
39%
MF Anthony Gordon EVERTON 0-0 Liverpool (2019/20)
38%
FW Anthony Gordon Liverpool 2-0 EVERTON (2021/22)
38%
DF Ben Godfrey Liverpool 0-2 EVERTON (2020/21)
38%
DF Ben Godfrey EVERTON 1-4 Liverpool (2021/22)
38%
MF Demarai Gray EVERTON 1-4 Liverpool (2021/22)
38%
MF Demarai Gray Liverpool 2-0 EVERTON (2021/22)
38%
DF Vitaliy Mykolenko Liverpool 2-0 EVERTON (2021/22)
38%
MF Alex Iwobi Liverpool 5-2 EVERTON (2019/20)
36%
MF Alex Iwobi EVERTON 0-0 Liverpool (2019/20)
36%
MF Alex Iwobi Liverpool 2-0 EVERTON (2021/22)
36%
FW Takumi Minamino Everton 0-0 LIVERPOOL (2019/20)
33%
DF Ozan Kabak LIVERPOOL 0-2 Everton (2020/21)
31%
DF Ragnar Klavan LIVERPOOL 1-1 Everton (2017/18)
29%
DF Ragnar Klavan Everton 0-0 LIVERPOOL (2017/18)
29%
MF Bernard Liverpool 1-0 EVERTON (2018/19)
28%
MF Bernard EVERTON 0-0 Liverpool (2018/19)
28%
MF Theo Walcott EVERTON 0-0 Liverpool (2017/18)
28%
MF Theo Walcott Liverpool 1-0 EVERTON (2018/19)
28%
MF Theo Walcott EVERTON 0-0 Liverpool (2018/19)
28%
MF Andros Townsend EVERTON 1-4 Liverpool (2021/22)
26%
FW Cenk Tosun EVERTON 0-0 Liverpool (2017/18)
22%
FW Salomón Rondón EVERTON 1-4 Liverpool (2021/22)
22%
FW Danny Ings Everton 0-0 LIVERPOOL (2017/18)
21%
FW Dominic Solanke LIVERPOOL 1-1 Everton (2017/18)
20%
FW Dominic Solanke Everton 0-0 LIVERPOOL (2017/18)
20%
MF Morgan Schneiderlin EVERTON 0-0 Liverpool (2017/18)
19%
MF Morgan Schneiderlin EVERTON 0-0 Liverpool (2018/19)
19%
DF Jonjoe Kenny Liverpool 1-1 EVERTON (2017/18)
14%
DF Kurt Zouma EVERTON 0-0 Liverpool (2018/19)
14%
MF Yannick Bolasie EVERTON 0-0 Liverpool (2017/18)
12%
DF Cuco Martina Liverpool 1-1 EVERTON (2017/18)
10%
DF Djibril Sidibé Liverpool 5-2 EVERTON (2019/20)
10%
FW Oumar Niasse Liverpool 1-1 EVERTON (2017/18)
8%
No matching quizzes found
Score Distribution
Percent of People with Each Score
Percentile by Number Answered
Your Score History
You have not taken this quiz